[Event "EYCC 2017"]
[Site "Mamaia"]
[Date "2017.09.05"]
[Round "1"]
[White "Martirosyan, Haik M"]
[Black "Lazov, Toni"]
[Result "0-1"]
[WhiteElo "2570"]
[BlackElo "2290"]
[Annotator "TA"]
[PlyCount "84"]
[EventDate "2017.??.??"]
[EventType "swiss"]
[EventCountry "ROU"]
[SourceTitle "playchess.com"]
[Source "ChessBase"]
[SourceQuality "1"]

{[%evp 18,84,3,10,12,4,29,22,43,0,0,0,-23,-37,-10,-18,-22,-52,-46,-41,-36,-27,-28,-25,-35,-31,-34,-27,-29,-26,-52,-46,-6,-8,-19,-77,-84,-392,-414,-405,-410,-410,-410,-397,-280,-358,-368,-554,-550,-554,-541,-530,-529,-927,-914,-888,-879,-899,-632,-957,-531,-639,0,-905,-795,-995,-995,-4133,-966]} 1. d4 Nf6 2. Bg5 d5 3. Nd2 Nbd7 4. e3 g6 5. Ngf3 Bg7 6. Be2 O-O 7. O-O Re8 8. c4 e5 {D03: 1 d4 d5 2 Nf3 Nf6 3 Bg5, including Torre Attack with early ...d5} (8... c5 9. cxd5 cxd4 10. e4 h6 11. Bh4 Nc5 12. Qc2 Ncxe4 13. Nxe4 Nxe4 14. Bb5 Bf5 15. Bxe8 Qxe8 16. Rfe1 Qd7 17. Rxe4 Qxd5 {0-1 (31) Artemiev,V (2658)-Mamedyarov,S (2762) Novi Sad 2016}) 9. Rc1 e4 10. Ne1 {LiveBook: 3 Games} h6 {The position is equal.} 11. Bh4 g5 12. Bg3 c6 $146 ({Predecessor:} 12... Nf8 13. Nc2 c6 14. b4 Ng6 15. a4 g4 16. b5 cxb5 17. cxb5 {½-½ (35) Kosic,D (2511)-Llaneza Vega,M (2445) Budapest 2008}) 13. cxd5 (13. Nc2 $14) 13... Nxd5 $11 14. Nc4 f5 {[%cal Bf7f5,Bf5f4][%mdl 32]} 15. Qd2 Qf6 16. f3 f4 17. fxe4 Rxe4 {Threatens to win with ...Qe7.} 18. Nc2 {[#] And now Bd3 would win.} Qe6 19. Bf2 b5 20. Ne5 $1 fxe3 21. Nxe3 Nxe3 22. Bxe3 {Black must now prevent Bh5.} Nxe5 23. dxe5 Qxe5 24. Rc3 Qe8 25. Rd3 {Rd8 is the strong threat.} Be6 $36 {[%mdl 2048] Strongly threatening ...Bc4. Black fights for an advantage.} 26. Bf3 {[#]} (26. b3 $1 $11 {keeps the balance.}) 26... Bc4 $1 $17 {[%cal Rc4d3]} 27. Bxa7 $2 {[%mdl 8192]} (27. Bxe4 $17 Qxe4 28. Rd1 Qxd3 29. Qxd3 Bxd3 30. Rxd3) 27... Bxd3 $19 ({Not} 27... Rxa7 28. Rd8 $17) 28. Qxd3 Re1 29. Qb3+ Kh8 30. Bf2 Rxf1+ 31. Kxf1 Qg6 32. g4 (32. Qd1 {was necessary.}) 32... Qb1+ 33. Kg2 Qxa2 (33... Rxa2 $2 34. Qe6 $19) 34. Qc2 Qxb2 35. Qxc6 Rf8 36. Qb6 b4 {[%cal Bb5b4,Bb4b3,Bb3b2][%mdl 32]} 37. Be4 Qf6 38. Qc5 Qc3 39. Qb6 {If White can now play Qg6 this consolidates a bit.} Qf6 40. Qc5 $1 b3 {Black is clearly winning.} 41. Bf5 b2 42. Qb5 Qe5 {Precision: White = 43%, Black = 67%.} (42... Qc3 $142 43. Bg3 Qd2+ 44. Kh3 h5) 0-1

[Event "EYCC 2017"]
[Site "Mamaia"]
[Date "2017.09.05"]
[Round "1"]
[White "Esipenko, Andrey"]
[Black "Kotau, Arseni"]
[Result "1-0"]
[WhiteElo "2540"]
[BlackElo "2189"]
[Annotator "TA"]
[PlyCount "53"]
[EventDate "2017.??.??"]
[EventType "swiss"]
[EventCountry "ROU"]
[SourceTitle "playchess.com"]
[Source "ChessBase"]
[SourceQuality "1"]

{[%evp 22,53,40,53,66,81,52,62,59,66,123,122,131,117,129,124,195,191,193,203,259,248,235,255,256,243,258,249,459,449,442,440,574,565]} 1. d4 Nf6 2. c4 g6 3. Nc3 Bg7 4. e4 d6 5. Nf3 O-O 6. h3 e5 7. d5 a5 8. g4 Na6 9. Be3 Nd7 {E90: King's Indian: Classical: Early deviations and 6 h3} 10. a3 Nac5 (10... Nb6 11. Rg1 Bd7 12. h4 Nc5 13. b3 Kh8 14. a4 c6 15. dxc6 Bxc6 16. Bd3 Nbd7 17. Bc2 {½-½ (40) Tomashevsky,E (2696)-Saric,I (2618) Minsk 2017}) 11. Rg1 a4 12. Nd2 {LiveBook: 21 Games} b6 13. Qc2 c6 14. O-O-O cxd5 $146 ({Predecessor:} 14... Ba6 15. Kb1 Rc8 16. Nxa4 cxd5 17. exd5 {1-0 (43) Lei,T (2442)-Zhang,X (2392) China 2014}) 15. cxd5 b5 (15... Ba6 $14) 16. Bxb5 $16 {[%cal Rc3a4]} Ba6 17. Bxa6 Rxa6 18. Na2 Qa8 (18... Qc7 $16 19. Nb4 Rb6) 19. Nb4 $18 Rc8 {[#] ...Nb3+ is the strong threat.} 20. Kb1 Nb3 21. Qd3 Ndc5 22. Bxc5 Nxc5 23. Qe2 Rb6 24. Nc4 Rxb4 $2 (24... Ra6 {was worth a try.} 25. Rc1 (25. Nxa6 Qxa6 26. Rge1 Nxe4 $18) 25... Nb3) 25. axb4 {[#] And now Nb6 would win.White is clearly winning.} Nd7 26. Na5 ({Much less strong is} 26. Nxd6 Rd8 $18) 26... Nb8 27. Rc1 {Precision: White = 100%, Black = 38%.} 1-0

[Event "EYCC 2017"]
[Site "Mamaia"]
[Date "2017.09.05"]
[Round "1"]
[White "Dragnev, Valentin"]
[Black "Tifferet, Shaked"]
[Result "1/2-1/2"]
[WhiteElo "2495"]
[BlackElo "2273"]
[Annotator "TA"]
[PlyCount "116"]
[EventDate "2017.??.??"]
[EventType "swiss"]
[EventCountry "ROU"]
[SourceTitle "playchess.com"]
[Source "ChessBase"]
[SourceQuality "1"]

{[%evp 22,116,64,58,87,91,75,66,144,145,133,134,134,44,40,-16,-6,-16,-13,-17,-20,-26,-20,-22,-17,-58,-58,-61,-53,-52,-53,-63,-54,-67,-70,-81,-79,-81,-60,-58,-9,-179,-75,-213,-205,-202,-180,-189,-66,-71,-71,-66,-69,-69,-66,-82,-60,-71,-61,-65,-62,-70,-46,-46,-46,-46,0,-48,-22,-54,-22,-54,-48,-54,-54,-54,-54,-88,-29,-55,-8,-8,-8,-8,-8,-8,-8,-15,-8,-8,-8,-15,-15,-22,-22,-22,-22]} 1. Nf3 Nf6 2. c4 g6 3. Nc3 Bg7 4. e4 c5 5. d4 cxd4 6. Nxd4 d6 7. Be2 O-O 8. O-O Nc6 9. Be3 Bd7 10. Nc2 a6 11. Qd2 Rb8 12. f3 {LiveBook: 27 Games} Qc7 {B38: Sicilian: Maroczy Bind with 5...Bg7 and 7...0-0} (12... Be6 13. Rfd1 Nd7 14. Rab1 Qa5 15. b4 Qd8 16. Nd5 b5 17. cxb5 axb5 18. Na3 Bxd5 19. exd5 Nce5 20. Nxb5 {½-½ (52) Volokitin,A (2661)-Mohr,G (2511) Mainz 2010}) 13. Rac1 Rfc8 14. Nd5 Qd8 $146 {[#]} ({Black should play} 14... Nxd5 $14 15. cxd5 Ne5) ({Predecessor:} 14... Nxd5 15. cxd5 Ne5 16. Nd4 Qd8 17. h3 Be8 18. f4 Nd7 19. b4 Rxc1 20. Rxc1 {1-0 (67) Tratar,M (2420)-Laschet,E (2275) Frohnleiten 1998}) 15. Nb6 $1 $16 Rc7 16. Rfd1 Qf8 17. c5 (17. b4 $16) 17... dxc5 $14 18. e5 (18. b4 $14) 18... Nxe5 $11 19. Bf4 Rc6 $1 20. Qa5 Re6 $1 21. Qxc5 Nh5 22. Be3 Rc6 23. Qa5 {[#] Hoping for g4.} Be6 24. Nd4 ({But not} 24. g4 $6 Nf6 $11) 24... Rxc1 25. Rxc1 {Threatens to win with g4.} Nc6 $36 {[%mdl 2048] Black has the initiative.} 26. Nxc6 bxc6 27. Rxc6 Qd8 {aiming for ...Bd4.} 28. Qa4 ({Don't blunder} 28. Qxa6 $2 Bd4 $19) 28... Bxb2 29. Bxa6 Ng7 {Strongly threatening ...Nf5.} 30. g4 Ne8 31. Qe4 $2 (31. Kg2 $1 $11 {and White is okay.}) 31... Nf6 ({Don't take} 31... Bxa2 32. Qd3 $15) (31... Qd1+ $19 {and Black stays clearly on top.} 32. Bf1 Nd6) 32. Qc2 (32. Qd3 $17 {might work better.}) 32... Bd4 $19 33. Bxd4 Qxd4+ 34. Qf2 Qxf2+ (34... Qa1+ $19 35. Bf1 Bxa2) 35. Kxf2 $15 Bxa2 36. Rc8+ Rxc8 37. Bxc8 {[%mdl 4096] Endgame KBN-KBN} Kg7 38. f4 Bb3 39. g5 Ne4+ 40. Ke3 Nd6 41. Bg4 Nf5+ (41... h6 {feels hotter.} 42. Nd7 Ba2 43. Nc5 f6 44. h4 Nf5+) 42. Bxf5 gxf5 {KB-KN} 43. Nd7 Kg6 44. Kf2 Bd5 (44... Be6 $5 {[%cal Re6d7]} 45. Ne5+ Kh5 $17) 45. h4 Kg7 46. Kg3 Be4 (46... Bc6 {is interesting.} 47. Ne5 Bb5 48. h5 f6 49. h6+ Kg8) 47. Kf2 Bc6 48. Ne5 Bb5 49. Kg3 Kf8 ({Better is} 49... f6 $17 50. gxf6+ Kxf6) 50. Kf2 $11 Ba6 51. Ke3 {The position is equal.} Bb7 52. Nd7+ Ke8 53. Ne5 Be4 54. Kd4 f6 55. gxf6 exf6 56. Nc4 $1 Ke7 57. Ne3 Kf7 {White must now prevent ...Kg6.} 58. Nf1 Ke6 {Precision: White = 52%, Black = 38%.} 1/2-1/2

[Event "EYCC 2017"]
[Site "Mamaia"]
[Date "2017.09.05"]
[Round "1"]
[White "Santos Ruiz, Miguel"]
[Black "Banzea, Alexandru-Bogdan"]
[Result "1-0"]
[WhiteElo "2490"]
[BlackElo "2283"]
[Annotator "TA"]
[PlyCount "63"]
[EventDate "2017.??.??"]
[EventType "swiss"]
[EventCountry "ROU"]
[SourceTitle "playchess.com"]
[Source "ChessBase"]
[SourceQuality "1"]

{[%evp 17,63,14,29,28,24,0,0,0,0,0,39,24,96,99,98,91,129,146,147,125,238,254,393,390,387,401,382,401,401,400,393,391,371,364,406,408,411,404,399,377,384,383,382,367,382,375,378,375]} 1. e4 e6 2. d4 d5 3. Nc3 Nf6 4. e5 Nfd7 5. f4 c5 6. Nf3 Nc6 7. Be3 Be7 8. Qd2 a6 9. Bd3 {C11: French: Classical System: 4 e5 and 4 Bg5 dxe4} (9. a3 b5 10. Bd3 Bb7 11. O-O O-O 12. Kh1 f5 13. Qf2 Rc8 14. Rg1 b4 15. axb4 Nxb4 16. g4 g6 17. gxf5 Nxd3 18. cxd3 Rxf5 {0-1 (40) Kasparov,G (2812)-Caruana,F (2807) Saint Louis 2017}) 9... O-O {LiveBook: 3 Games} (9... c4 {is interesting.} 10. Be2 b5 11. a3 Nb6 12. O-O Rb8) 10. dxc5 Nxc5 11. Bxh7+ {White has an edge.} Kxh7 12. Bxc5 $1 Bxc5 13. Ng5+ $1 Kg8 $1 {And now ...f6 would win.} 14. Qd3 {[%csl Gg5][%cal Rd3h7] [#]} f5 $146 ({But not} 14... g6 $2 15. Qh3 $18) (14... Re8 $1 $11 {keeps the balance.}) ({Find the theoretical novelty and annotate with similar games:} 14... Re8 15. Qh7+ Kf8 16. Qh5 Qc7 {½-½ (26) Kolcak,M (2525)-Galanov,S (2616) ICCF email 2011}) 15. Qh3 $16 {[%csl Gg5][%cal Rh3h7]} Rf7 {[#]} 16. O-O-O $1 {[%cal Ba1d1,Bd1d3,Bd3g3][%mdl 32]} g6 {aiming for ...Rg7.} 17. Nxf7 $40 {[%mdl 128] White is out for blood.} Kxf7 18. Qh7+ Kf8 (18... Ke8 $16 {might work better.}) 19. Rd3 $18 {[%mdl 1024] White has strong compensation.} Ne7 (19... b5 {was worth a try.} 20. Rhd1 (20. Qxg6 Ne7 $16) 20... Ra7 21. Qxg6 Qh4) 20. Qh8+ {White is winning.} Ng8 21. Rg3 Qe8 {[#]} 22. h4 $1 {[%cal Rh4h5]} Qf7 23. h5 Qg7 24. Qxg7+ Kxg7 25. hxg6 Nh6 26. Rxh6 Kxh6 27. g7 Bd7 {...Rg8 is the strong threat.} 28. g8=Q Rxg8 29. Rxg8 Be3+ 30. Kd1 Bxf4 31. Rd8 Bc6 32. Rd6 $1 {Precision: White = 98%, Black = 30%.} 1-0

[Event "EYCC 2017"]
[Site "Mamaia"]
[Date "2017.09.05"]
[Round "1"]
[White "Hakobyan, Aram"]
[Black "Beliotis, Georgios"]
[Result "1-0"]
[WhiteElo "2466"]
[BlackElo "2157"]
[Annotator "TA"]
[PlyCount "81"]
[EventDate "2017.??.??"]
[EventType "swiss"]
[EventCountry "ROU"]
[SourceTitle "playchess.com"]
[Source "ChessBase"]
[SourceQuality "1"]

{[%evp 22,81,64,37,41,-3,3,-7,-8,-15,0,0,0,0,0,0,0,-19,-19,0,0,0,19,25,122,51,54,6,11,22,29,0,18,-4,0,0,26,18,17,0,62,-9,0,0,23,6,143,155,125,140,132,131,126,118,143,90,522,505,523,537,562,555]} 1. e4 e5 2. Nf3 Nc6 3. Bb5 {[%cal Bf1b5,Bb5a4,Ba4b3,Bb3a2][%mdl 32]} a6 4. Ba4 Nf6 5. d3 b5 6. Bb3 Bb7 7. O-O Bd6 8. a3 O-O 9. Nc3 h6 10. h3 {C78: Ruy Lopez: Archangelsk and Möller Defences} (10. Nd5 Re8 11. Bd2 Nd4 12. Nxd4 exd4 13. Qf3 Nxd5 14. exd5 Qh4 15. g3 Qh3 16. Rae1 Re5 17. Rxe5 Bxe5 {½-½ (59) Grandelius,N (2623)-Fressinet,L (2712) Oslo 2015}) 10... Re8 11. Ba2 Bf8 12. Be3 {LiveBook: 4 Games. White is slightly better.} d6 13. a4 $146 ({Find the theoretical novelty and annotate with similar games:} 13. Nh2 b4 14. Nd5 bxa3 15. bxa3 Nxd5 16. Bxd5 {1-0 (30) Ismagambetov,A (2508)-Moradiabadi,E (2586) Tabriz 2014}) 13... Nb4 14. axb5 axb5 15. Bb3 Qd7 16. Rxa8 Bxa8 17. Re1 c5 18. Bd2 Bb7 19. Ne2 Nc6 20. Ng3 g6 21. h4 (21. Qc1 $5 {[%cal Rd2h6]}) 21... Qg4 22. h5 {Strongly threatening hxg6.} Kg7 (22... g5 $11 {keeps the balance.}) 23. hxg6 ({White should try} 23. Qc1 $1 $16 Ng8 24. Kh2) 23... fxg6 $14 24. Qc1 Kh7 25. c3 Bg7 26. Re3 Qd7 27. Nf1 c4 28. Bc2 Ng4 29. Re2 Rf8 30. N3h2 Na5 (30... Nf6 $11) 31. Qd1 (31. Nxg4 $14 Qxg4 32. Qd1) 31... cxd3 32. Bxd3 Nc4 33. Be1 (33. Bxc4 $5 bxc4 34. Nxg4 Qxg4 35. f3 $1 $11 {[%mdl 512]}) 33... d5 (33... Nf6 $11) 34. Bxc4 $1 $16 bxc4 35. Nxg4 Qxg4 36. exd5 Rd8 ({Avoid the trap} 36... Bxd5 $2 37. Ne3 $18) 37. Ne3 $36 {[%mdl 2048] White is on the roll.} Qe4 38. Qc2 (38. f3 $142 Qf4 39. Qa4) 38... Bxd5 $2 {[%mdl 8192] [#]} (38... Qxc2 $16 39. Rxc2 Bf6) 39. Qd1 $1 $18 {White is clearly winning.} h5 {intending ...Bh6.} 40. Rd2 Bh6 41. Rxd5 {Precision: White = 40%, Black = 33%.} 1-0

[Event "EYCC 2017"]
[Site "Mamaia"]
[Date "2017.09.05"]
[Round "1"]
[White "Livaic, Leon"]
[Black "Ugroczky, Peter"]
[Result "1-0"]
[WhiteElo "2464"]
[BlackElo "2269"]
[Annotator "TA"]
[PlyCount "99"]
[EventDate "2017.??.??"]
[EventType "swiss"]
[EventCountry "ROU"]
[SourceTitle "playchess.com"]
[Source "ChessBase"]
[SourceQuality "1"]

{[%evp 17,99,43,43,43,48,49,68,67,75,47,53,24,24,24,24,23,37,42,37,30,25,13,16,13,14,10,14,16,13,8,37,42,81,0,59,58,56,56,61,59,67,60,56,41,41,47,59,44,154,154,154,145,146,134,133,106,109,99,295,265,619,612,604,589,582,582,564,564,1150,1145,1124,1117,1112,1104,1087,1087,1084,1083,922,894,1060,1027,5543,5539]} 1. d4 d5 2. c4 e6 3. Nc3 Nf6 4. cxd5 exd5 5. Bg5 c6 6. e3 Qb6 7. Qd2 Ne4 {D35: Queen's Gambit Declined: Exchange Variation} 8. Nxe4 dxe4 9. Ne2 Be6 {LiveBook: 3 Games. White is slightly better.} 10. Nc3 Bb4 11. Be2 O-O 12. O-O Qa5 {aiming for ...Bxc3.} 13. Bh4 Nd7 14. Rfc1 Nb6 15. a3 Bxc3 $1 16. Rxc3 Bb3 $146 17. Qe1 Qd5 18. Rc5 Qd7 19. Qb4 (19. a4 $5) 19... Be6 20. Rac1 Nd5 {[%cal Bb6d5,Bd5e7,Be7f5][%mdl 32]} 21. Qd2 f5 22. b4 a6 23. a4 $36 {[%mdl 2048] White is more active.} Rfc8 24. Bg3 Ne7 25. f3 (25. h3 $16) 25... Kh8 (25... exf3 $11 26. gxf3 Bd5) 26. fxe4 $14 fxe4 27. h3 Rf8 28. Kh2 Nf5 29. Bf4 Bd5 30. Bg4 Qf7 31. b5 axb5 32. axb5 Ra2 {[#]} ({Black should play} 32... Qf6 $14) 33. Qxa2 $3 $16 {[%mdl 512]} Bxa2 34. Rxf5 Qxf5 35. Bxf5 Rxf5 {[%mdl 4096] Endgame KRB-KRB} 36. Ra1 Bg8 37. b6 c5 $2 (37... Rb5 $16 {keeps fighting.}) 38. Ra5 $18 h6 $2 (38... Rf8 39. Rxc5 h6) 39. dxc5 {White is clearly winning.} Rf6 40. Ra8 Kh7 41. Rd8 Rc6 42. Bd6 Bc4 43. Rb8 Ba6 44. Ra8 Bc4 45. Ra7 Bd5 46. Rxb7 Rxc5 47. Rd7 ({Not} 47. Bxc5 Bxb7 48. h4 g5 $16) 47... Rb5 48. Be5 Kg8 {[#]} 49. Rxd5 $1 {[%mdl 512]} Rxd5 50. b7 {Precision: White = 82%, Black = 47%.} 1-0

[Event "EYCC 2017"]
[Site "Mamaia"]
[Date "2017.09.05"]
[Round "1"]
[White "Plenca, Jadranko"]
[Black "Karayev, Kanan"]
[Result "1-0"]
[WhiteElo "2446"]
[BlackElo "2228"]
[Annotator "TA"]
[PlyCount "77"]
[EventDate "2017.??.??"]
[EventType "swiss"]
[EventCountry "ROU"]
[SourceTitle "playchess.com"]
[Source "ChessBase"]
[SourceQuality "1"]

{[%evp 28,77,46,41,35,38,55,48,60,56,63,67,77,75,85,77,116,105,112,113,105,106,106,108,151,138,169,169,168,185,236,229,437,431,464,461,449,454,424,379,360,355,348,326,619,625,625,613,683,683,645,625]} 1. e4 e6 2. d4 d5 3. Nd2 Nc6 4. Ngf3 Nf6 5. e5 Nd7 6. Be2 f6 7. exf6 Qxf6 8. Nf1 Bd6 9. Ne3 O-O 10. O-O Qg6 11. c4 {C04: French Tarrasch: 3...Nc6} Nf6 12. c5 (12. Re1 Bd7 13. Qb3 a5 14. c5 Bf4 15. g3 Ne4 16. Ng2 Bxc1 17. Raxc1 Qf6 18. Rcd1 g5 {0-1 (27) Druska,J (2457)-Vovk,Y (2596) Slovakia 2016}) 12... Be7 13. Bb5 Bd7 14. Bxc6 Bxc6 15. Ne5 {LiveBook: 10 Games} Qe8 16. a4 a5 17. Qc2 ({Much weaker is} 17. Nxc6 Qxc6 18. Ng4 Nxg4 $11) 17... Rc8 18. b3 $146 ({Predecessor:} 18. Bd2 b6 {½-½ (52) Cilento,L (1934)-Rocha,V (2119) Joao Pessoa 2016}) 18... b6 19. Ba3 ({But not} 19. Nxc6 Qxc6 20. Ba3 bxc5 $15) 19... bxc5 20. Bxc5 Bb7 21. f3 Nd7 22. Bxe7 Qxe7 {[#]} 23. Nxd7 $1 Qxd7 24. Qc5 Qd6 25. Rac1 e5 26. dxe5 Qxe5 {[#]} 27. Nc4 $1 $36 {[%cal Be3c4,Bc4a5,Ba5c6,Bc6e7,Be7f5][%mdl 2592] Keeping Black busy.} Qg5 (27... dxc4 28. Qxe5) 28. Nxa5 Ba6 (28... Ba8 $142 29. b4 Rfe8) 29. Rfd1 Rcd8 $2 (29... Rxf3 {was necessary.} 30. Rxd5 (30. Qxd5+ Qxd5 31. Rxd5 Rd3 $18) 30... Qe3+ 31. Qxe3 Rxe3) 30. Nc6 $18 Rd6 {[#]} 31. Rxd5 $1 {[%mdl 512]} Qf4 (31... Rxd5 32. Qxd5+) 32. Ne7+ Kh8 33. Rf5 Rxf5 34. Nxf5 Rd8 35. Re1 h6 $2 {[#]} (35... Qd2 36. Qe5 Rg8) 36. Nxg7 $1 {[%mdl 512] White is clearly winning.} Qd2 {[%cal Rd2e1]} (36... Kxg7 37. Qe7+) 37. Qe5 {Threatening mate with Nh5+.} Qd4+ 38. Qxd4 Rxd4 39. Ne6 {Precision: White = 95%, Black = 26%.} 1-0

[Event "EYCC 2017"]
[Site "Mamaia"]
[Date "2017.09.05"]
[Round "1"]
[White "Fakhrutdinov, Timur"]
[Black "Storme, Isak"]
[Result "1-0"]
[WhiteElo "2441"]
[BlackElo "2146"]
[Annotator "TA"]
[PlyCount "79"]
[EventDate "2017.??.??"]
[EventType "swiss"]
[EventCountry "ROU"]
[SourceTitle "playchess.com"]
[Source "ChessBase"]
[SourceQuality "1"]

{[%evp 26,79,35,28,44,-12,0,-43,8,2,66,66,66,66,64,68,74,72,72,71,63,53,42,47,73,59,102,102,92,97,493,501,479,492,472,484,585,577,572,554,1177,993,1988,902,1866,878,885,888,887,877,863,856,4610,4610,1583,1529]} 1. e4 c5 2. Nf3 Nc6 3. d4 cxd4 4. Nxd4 Nf6 5. Nc3 d6 6. Bg5 e6 7. Qd2 a6 8. O-O-O Bd7 9. f3 Be7 10. Kb1 O-O {B67: Sicilian: Richter-Rauzer: 7...a6 8 0-0-0 Bd7, lines without 9 f4 Be7} 11. h4 b5 12. g4 (12. Nxc6 Bxc6 13. Ne2 Bb7 14. Nd4 Rc8 15. g4 Nd7 16. Qe3 Ne5 17. Rh2 Qc7 18. Rhd2 Rfd8 19. Bxe7 Qxe7 20. g5 Qc7 {½-½ (48) Kryvoruchko,Y (2701)-Gupta,A (2645) Germany 2016}) 12... Rc8 13. Nxc6 Bxc6 14. Bd3 {LiveBook: 9 Games} d5 {[#]} 15. Qf4 $146 ({White should play} 15. e5 $14 Nd7 16. f4) ({Find the theoretical novelty and annotate with similar games:} 15. e5 Nd7 16. f4 Nc5 17. Rhe1 f6 18. exf6 Bxf6 19. Ne2 Qd6 20. Bxf6 Rxf6 {1-0 (39) Korneev,O (2590)-Estremera Panos,S (2385) Vendrell 1996}) 15... dxe4 (15... b4 $5 {[%cal Rb4c3]} 16. Ne2 a5 $11) 16. fxe4 (16. Bxf6 {keeps more tension.} exd3 17. Rxd3 Qc7 18. Qxc7 Rxc7 19. Bxe7 Rxe7 20. Re1) 16... Qc7 (16... Nd7 $15) 17. e5 $1 $11 {[%cal Re5f6]} Bxh1 ({Black should try} 17... Nd5 $11 18. Nxd5 Bxd5) 18. exf6 $14 Qxf4 19. Bxf4 Bxf6 {[#] And now ...Bf3 would win.} 20. Rxh1 Bxc3 21. bxc3 Rxc3 22. Kb2 Rc6 23. Re1 {[%mdl 1024] White has compensation.} Rd8 24. Re4 Rd5 25. Rb4 f5 26. gxf5 exf5 27. a4 Rb6 $2 {[%mdl 8192] [#]} (27... Kf8 $16 {is a better chance.}) 28. Bc4 $1 $18 {[%cal Rc4d5][%mdl 512] White is clearly winning.} bxc4 29. Rxb6 {[%mdl 4096] Endgame KRB-KR} Rd4 30. Bg3 Rg4 31. Bf2 Rf4 32. Bc5 Rxh4 33. Rxa6 f4 34. Ra8+ Kf7 35. Rf8+ (35. a5 $142 Rh5 36. Rc8) 35... Ke6 36. a5 Rh5 37. Bb6 Rb5+ 38. Kc3 g5 39. Kxc4 Rb1 40. Bd4 {Precision: White = 75%, Black = 34%.} 1-0

[Event "EYCC 2017"]
[Site "Mamaia"]
[Date "2017.09.05"]
[Round "1"]
[White "Matviishen, Viktor"]
[Black "Garanin, Aleksei"]
[Result "1-0"]
[WhiteElo "2433"]
[BlackElo "2192"]
[Annotator "TA"]
[PlyCount "79"]
[EventDate "2017.??.??"]
[EventType "swiss"]
[EventCountry "ROU"]
[SourceTitle "playchess.com"]
[Source "ChessBase"]
[SourceQuality "1"]

{[%evp 22,79,28,9,31,26,43,26,61,25,41,35,98,44,73,27,54,28,30,52,95,89,89,40,71,31,116,128,106,108,243,283,392,301,310,213,295,215,348,334,365,359,379,387,427,418,589,580,511,555,594,490,1409,884,803,856,1212,1204,1746,1681]} 1. e4 c5 2. Nf3 d6 3. d4 cxd4 4. Nxd4 Nf6 5. Nc3 a6 6. h3 e5 7. Nde2 h5 {B90: Sicilian Najdorf: Unusual White 6th moves, 6 Be3 Ng4 and 6 Be3 e5} 8. Bg5 (8. g3 Nbd7 9. Bg2 b5 10. Nd5 Nxd5 11. Qxd5 Qc7 12. Be3 Bb7 13. Qd2 Rc8 14. Nc3 Nb6 15. Bxb6 Qxb6 {½-½ (33) Nakamura,H (2792)-Vachier Lagrave,M (2791) Saint Louis 2017}) 8... Be6 9. Bxf6 Qxf6 10. Nd5 Qd8 11. Qd3 Nc6 12. O-O-O {LiveBook: 11 Games} g6 13. Kb1 Bg7 14. h4 O-O 15. g3 $146 ({Find the theoretical novelty and annotate with similar games:} 15. f3) 15... Qa5 16. Bh3 Rac8 (16... Rad8 $14) 17. c3 (17. Qb3 $16) 17... b5 18. f4 {Strongly threatening f5.} f5 19. Nc1 b4 20. Nb3 Qb5 21. Qxb5 axb5 22. cxb4 (22. exf5 {is interesting.} gxf5 23. cxb4 Bf7 24. Rd2 exf4 25. gxf4 Bxd5 26. Rxd5 Nxb4 27. Rd2) 22... exf4 23. gxf4 {Threatens to win with exf5.} Bxd5 (23... Rce8 $1 $14) 24. Rxd5 $16 {[%cal Re4f5]} Nxb4 25. Rxd6 Rc2 (25... Rc6 $16 26. Rxc6 Nxc6) 26. e5 $18 Rc4 27. Rf1 Kh7 28. a3 {[%cal Ba2a3,Ba3a4,Ba4a5][%mdl 32]} Nc2 29. Rf3 Rfc8 (29... Ne1 {was worth a try.} 30. Rf1 Nc2) 30. Bf1 Re4 31. Bd3 ({But not} 31. Bxb5 Re1+ 32. Ka2 Bf8 $18) 31... Re1+ 32. Ka2 b4 33. a4 Bf8 (33... Re3 $142) 34. Rd7+ {White is clearly winning.} Kh6 35. a5 Rd1 {[#] If only Black now had time for ...Ne1....} 36. Bxf5 $1 {[%mdl 512]} Rh1 {[#]} (36... Rxd7 $142 37. Bxd7 Rc7) (36... gxf5 37. Rxd1) 37. Rh7+ $3 {[%mdl 512]} Kxh7 38. Bxc8 Bc5 39. e6 Ba7 40. f5 {Precision: White = 72%, Black = 12%.} 1-0